Continents Ranked by Size in 45 seconds - Statistics

General Stats
  • This quiz has been taken 146 times
  • The average score is 6 of 7
Answer Stats
Rank Continent Kilometres Miles % Correct
1 Asia 44,391,162 17,139,445
100%
2 Africa 30,244,049 11,677,239
98%
3 North America 24,247,039 9,361,791
95%
4 South America 17,821,029 6,880,706
94%
6 Europe 10,354,636 3,997,929
83%
5 Antarctica 14,245,000 5,500,000
74%
7 Australia 7,686,850 2,967,124
69%
No matching quizzes found
Score Distribution
Percent of People with Each Score
Percentile by Number Answered
Your Score History
You have not taken this quiz